Loading...
| Science - Biology | 0 | 7 | 3 | 2 | 55 | 95 | 109.00 | 0 | 0 |
| Painting & Sculpture | 0 | 4 | 0 | 1 | 40 | 87 | 123.75 | 0 | 0 |
| Science - Chemistry | 0 | 4 | 2 | 2 | 30 | 72 | 103.75 | 1 | 1 |
| Fine Arts - Classical Music | 0 | 3 | 0 | 2 | 30 | 119 | 130.67 | 0 | 0 |
| Fine Arts - Other Fine Arts | 0 | 3 | 0 | 1 | 30 | 102 | 114.00 | 0 | 0 |
| Literature - World Literature | 0 | 3 | 0 | 0 | 30 | 91 | 105.33 | 0 | 1 |
| Literature - American Literature | 0 | 2 | 0 | 1 | 20 | 126 | 141.00 | 0 | 0 |
| Literature - European Literature | 0 | 2 | 0 | 0 | 20 | 104 | 116.50 | 0 | 0 |
| Current Events | 0 | 1 | 0 | 0 | 10 | 116 | 116.00 | 0 | 0 |
| Mythology | 0 | 1 | 0 | 0 | 10 | 73 | 73.00 | 0 | 1 |
| Philosophy | 0 | 1 | 0 | 1 | 10 | 132 | 132.00 | 0 | 0 |
| Science - Physics | 0 | 1 | 0 | 0 | 10 | 120 | 120.00 | 0 | 0 |
| Science - Other Science | 0 | 1 | 1 | 0 | 5 | 121 | 121.00 | 0 | 0 |
| Social Science | 0 | 0 | 0 | 0 | 0 | 0.00 | 0 | 0 | |
| Literature - British Literature | 0 | 0 | 2 | 0 | -10 | 0.00 | 0 | 0 |